Statystyki dla Największe aglomeracje w Peru

Kliknij tutaj aby rozwiązać quiz!

Ogólne statystyki

  • Ten quiz został rozwiązany 30 razy
  • Średni wynik to 4 z 16

Statystyki odpowiedzi

MiejsceMieszkańcyNazwa% Poprawnych
1.12 804 609Aglomeracja Limska
100%
6.1 057 519Aglomeracja Cuzco
56%
2.1 725 616Aglomeracja Arequipa
30%
3.1 182 724Aglomeracja Trujillo
30%
7.1 013 551Aglomeracja Iquitos
26%
4.1 138 878Aglomeracja Chiclayo
15%
9.938 283Aglomeracja Huancayo
15%
13.722 473Aglomeracja Ica
15%
14.680 274Aglomeracja Juliaca
15%
12.766 192Aglomeracja Tacna
15%
8.981 574Aglomeracja Chimbote
11%
16.595 799Aglomeracja Huánuco
11%
5.1 110 709Aglomeracja Piura
11%
15.627 801Aglomeracja Ayacucho
7%
11.818 170Aglomeracja Cajamarca
7%
10.867 733Aglomeracja Pucallpa
7%

Rozkład punktacji

Percentyl według liczby udzielonych odpowiedzi

Procent ludzi z każdym wynikiem

Twoja historia wyników

Nie rozwiązałeś tego quizu